Teen wolf: Stiles Quotes - Statistics

General Stats
  • This quiz has been taken 1,496 times
  • The average score is 4 of 15
Answer Stats
Hint Answer % Correct
I'm 147 pound of pale skin and fragile bones... Sarcasm is my only defense
80%
I mean no, do you wanna hear it in Spanish
73%
I'm a thousand years old YOU CAN'T KILL ME
61%
Sorry coach i haven't seen him since the last time i saw him
52%
Don't be such a sour wolf
52%
Guy these are professional killers it's their PROFESSION
39%
No you stopped to bake it in a little werewolf oven
27%
Hey Lydia, you look... Like you're going to ignore me
24%
We'll do the alphabet start with f end with u
16%
You swing for a different team but you still play ball don't ya Danny boy
5%
I'm happy and proud... of myself
5%
Do you think there's any chance you could use a little tiny bit of wolf power
4%
Lydia, You're meant to call US... after you find the body
3%
Personally I'm a fan of ........ Ignoring a problem until eventually it just goes away
3%
"Except for you stiles, what do you turn into," "An abominable snowman... It's more of a winter thing, you know seasonal
2%
No matching quizzes found
Score Distribution
Percent of People with Each Score
Percentile by Number Answered
Your Score History
You have not taken this quiz